000 00428 a2200109 4500
001 ART_6551
005 20260410161620.0
008 260409a
245 1 0 _aLa actuación del perito designado de oficio desde la inscripción hasta la aceptación del cargo. Inconvenientes que pueden presentarse. Propuestas de solución
100 1 _aRodríguez, Raquel E.
773 0 _tEnfoques
_g- Nº 7 (jul. 2009)
_wREV416
999 _c11436
_d11436